Países de Europa en 1650 en un mapa - Estadísticas

Estadísticas generales
  • Esta prueba ha sido intentada 312 veces
  • La puntuación promedio es 41 de 328
Respuestas en el mapa
Las respuestas están codificadas por una escala verde-roja en el mapa de la prueba según el % correcto abajo.
 
Estadísticas de respuestas
Países % Correcto
España
99%
Francia
97%
Portugal
95%
Rusia
95%
Escocia
91%
Inglaterra
91%
Irlanda
91%
Dinamarca-Noruega
89%
Suecia
89%
Imperio Otomano
88%
Polonia-Lituania
84%
Hungría
77%
Países Bajos
77%
Austria
75%
Prusia
75%
Hetmanato Cosaco
67%
Venecia
67%
Estados Pontificios
66%
Baviera
59%
Bohemia
59%
Génova
55%
Andorra
53%
Crimea
52%
Hamburgo
51%
Sajonia (Ducado)
50%
Sajonia (Electorado)
50%
Toscana
50%
San Marino
48%
Moldavia
46%
Croacia
44%
Mónaco
42%
Saboya
39%
Montenegro
38%
Transilvania
38%
Valaquia
38%
Moravia
36%
Holstein-Glückstadt
34%
Holstein-Gottorp
34%
Colonia (Ciudad Libre)
33%
Colonia (Electorado)
33%
Parma
33%
Berna
32%
Zúrich
32%
Bremen
31%
Fráncfort
31%
Brandeburgo
30%
Módena
30%
Lucca
28%
Ragusa
28%
Baden-Baden
27%
Baden (Suiza)
27%
Baden-Durlach
27%
Silesia
27%
Hesse-Darmstadt
25%
Lorena
25%
Coto Mixto
24%
Ginebra
24%
Hesse-Kassel
24%
Tirol
24%
Salzburgo
23%
Dortmund
22%
Orden de San Juan
20%
Wurtemberg
20%
Anhalt
19%
Basilea (Obispado)
19%
Basilea (Suiza)
19%
Mecklemburgo-Schwerin
19%
Trieste
19%
Curlandia y Semigalia
18%
Lubeca (Ciudad Libre)
18%
Lubeca (Obispado)
18%
Mecklemburgo-Güstrow
18%
Núremberg
18%
Estiria
17%
Oldemburgo
17%
Ulm
17%
Aquisgrán
16%
Circasia
16%
Estrasburgo (Ciudad Libre)
16%
Estrasburgo (Obispado)
16%
Frisia Oriental
16%
Münster (Ciudad Libre)
16%
Münster (Obispado)
16%
Trento
16%
Brunswick-Luneburgo
15%
Carintia
15%
Friburgo
15%
Palatinado-Dos Puentes
15%
Palatinado Electoral
15%
Palatinado-Neoburgo
15%
Palatinado-Sulzbach
15%
Lieja
14%
Mantua
14%
Osetia
14%
Orange
13%
Augsburgo (Ciudad Libre)
12%
Augsburgo (Obispado)
12%
Biena
12%
Bar
11%
Brunswick-Wolfenbüttel
11%
Carniola
11%
Hohenzollern
11%
Massa
11%
Tres Ligas
11%
Westfalia
11%
Maguncia
10%
Tréveris
10%
Berg
9%
Essen
9%
Lucerna
9%
Magdeburgo
9%
Gorizia
8%
Monferrato
8%
Valés
8%
Wurzburgo
8%
Jülich
7%
Lugano
7%
Neuchâtel
7%
Piombino
7%
Ratisbona (Ciudad Libre)
7%
Ratisbona (Obispado)
7%
Bamberg
6%
Constanza
6%
Cospaia
6%
Lippe
6%
Mulhouse
6%
Nasáu
6%
Nemours
6%
Noli
6%
Osnabrück
6%
Passau
6%
Qasim
6%
Ringraviato
6%
Schaumburg-Lippe
6%
Uri
6%
Worms
6%
Zug
6%
Bresanona
5%
Colmar
5%
Hall
5%
Lauenburgo
5%
Reuss
5%
Rot
5%
San Galo
5%
Fosdinovo
4%
Guastalla
4%
Janato Calmuco
4%
Vaduz
4%
Appenzell Rodas Exteriores
3%
Appenzell Rodas Interiores
3%
Bormio
3%
Espira (Ciudad Libre)
3%
Espira (Obispado)
3%
Fulda
3%
Nidwalden
3%
Obwalden
3%
Soleura
3%
Turgovia
3%
Valtelina
3%
Aalen
2%
Cabardia
2%
Escafusa
2%
Frisinga
2%
IJsselstein
2%
Karakaitag
2%
Legnica
2%
Locarno
2%
Paderborn
2%
Ravensburgo
2%
Schwarzburgo
2%
Schwyz
2%
Tarkí
2%
Waldeck
2%
Akushá-Dargo
1%
Ameland
1%
Aremberg
1%
Bellinzona
1%
Bregenz
1%
Brieg
1%
Brisgovia
1%
Glaris
1%
Hanau
1%
Heilbronn
1%
Hildesheim
1%
Hohenlohe
1%
Lindau
1%
Masserano
1%
Memmingen
1%
Rotemburgo
1%
Salm
1%
Schellenberg
1%
Sora
1%
Tabasaran
1%
Tresana
1%
Urk-Emmeloord
1%
Vorarlberg
1%
Agul
0%
Altdorf
0%
Andalal
0%
Ansbach
0%
Bayreuth
0%
Bentheim
0%
Berchtesgaden
0%
Beuren
0%
Biberach
0%
Blenio
0%
Bokhoven
0%
Bopfingen
0%
Bouillon
0%
Boxmeer
0%
Buchau
0%
Buchhorn
0%
Buren
0%
Burgau
0%
Chiavenna
0%
Culemborg
0%
Dabo
0%
Didoya
0%
Dinkelsbühl
0%
Durdzuki
0%
Eichsfeld
0%
Eichstätt
0%
Ellwangen
0%
Engelberg
0%
Erbach
0%
Esslingen
0%
Falkenstein
0%
Fleckenstein
0%
Freiamt
0%
Fürstenberg
0%
Gams
0%
Gaster
0%
Gemert
0%
Gengenbach
0%
Gersau
0%
Giengen
0%
Gmünd
0%
Goslar
0%
Grandson
0%
Haldenstein
0%
Hayingen
0%
Helfenstein
0%
Henneberg
0%
Hohengeroldseck
0%
Ilisu
0%
Isemburgo
0%
Isny
0%
Kazi-Kumuj
0%
Kempten (Ciudad Libre)
0%
Kempten (Principado Abadía)
0%
Kirchberg
0%
Klettgau
0%
Kurá
0%
Landau
0%
Leiningen
0%
Leutkirch
0%
Limpurgo
0%
Lingen
0%
Löwenstein
0%
Lützelstein
0%
Maggia
0%
Manderscheid
0%
Mansfeld
0%
Megen
0%
Mendrisio
0%
Montbéliard
0%
Morat
0%
Mühlhausen
0%
Nordhausen
0%
Norlinga
0%
Obernai
0%
Ochsenhausen
0%
Ofenburgo (Ciudad Libre)
0%
Ofenburgo (Oberamt)
0%
Olivola
0%
Orbe y Echallens
0%
Öttingen
0%
Pappenheim
0%
Pfullendorf
0%
Podenzana y Aulla
0%
Poljica
0%
Prüm
0%
Ravenstein
0%
Reutlingen
0%
Rheintal
0%
Riviera
0%
Rosheim
0%
Roteburgo
0%
Rottweil
0%
Rutul
0%
Salem
0%
San Blas
0%
Sargans
0%
Sayn
0%
Schlettstadt
0%
Schönburg
0%
Schussenried
0%
Schwarzemburgo
0%
Schweinfurt
0%
Senarica
0%
Solms
0%
Sponheim
0%
Stockach
0%
Stolberg-Stolberg
0%
Stolberg-Wernigerode
0%
Tecklemburgo
0%
Tettnang
0%
Torriglia
0%
Türckheim
0%
Überlingen
0%
Uznach
0%
Vernio
0%
Vianen
0%
Waldburg
0%
Wangen
0%
Weil
0%
Weingarten
0%
Weissenburg
0%
Wertheim
0%
Westerburg
0%
Wetzlar
0%
Wied
0%
Wimpfen
0%
Windsheim
0%
Wohlau
0%
Zachur
0%
Zell
0%
Zwiefalten
0%
No se encontraron pruebas coincidentes
Distribución de puntuación
Porcentaje de gente con cada puntuación
Porcentaje por número respondido
Historial de tus puntuaciones
No has intentado esta prueba.